<?xml version="1.0" encoding="UTF-8"?>
<record
    xmlns:xsi="http://www.w3.org/2001/XMLSchema-instance"
    xsi:schemaLocation="http://www.loc.gov/MARC21/slim http://www.loc.gov/standards/marcxml/schema/MARC21slim.xsd"
    xmlns="http://www.loc.gov/MARC21/slim">

  <leader>02861nam a22004697a 4500</leader>
  <datafield tag="999" ind1=" " ind2=" ">
    <subfield code="c">6583</subfield>
    <subfield code="d">6583</subfield>
  </datafield>
  <controlfield tag="003">OSt</controlfield>
  <controlfield tag="005">20260304111944.0</controlfield>
  <controlfield tag="008">190228c        xxut||p| |||| 00| 0 spa d</controlfield>
  <datafield tag="020" ind1=" " ind2=" ">
    <subfield code="a">9789873048555</subfield>
  </datafield>
  <datafield tag="040" ind1=" " ind2=" ">
    <subfield code="c">PJ</subfield>
  </datafield>
  <datafield tag="245" ind1="1" ind2="0">
    <subfield code="a">Revista de derecho privado y comunitario :</subfield>
    <subfield code="b">Inflaci&#xF3;n : problemas y respuestas - II /</subfield>
    <subfield code="c">H&#xE9;ctor Alegr&#xED;a, Jorge Mosset Iturraspe directores.</subfield>
  </datafield>
  <datafield tag="260" ind1=" " ind2=" ">
    <subfield code="a">Santa F&#xE9; :</subfield>
    <subfield code="b">Rubinzal-Culzoni,</subfield>
    <subfield code="c">2024.</subfield>
  </datafield>
  <datafield tag="300" ind1=" " ind2=" ">
    <subfield code="a">752 p.</subfield>
    <subfield code="c">22 cm.</subfield>
  </datafield>
  <datafield tag="310" ind1=" " ind2=" ">
    <subfield code="a">cuatrimestral</subfield>
  </datafield>
  <datafield tag="362" ind1=" " ind2=" ">
    <subfield code="a">No. 2 (2024)</subfield>
  </datafield>
  <datafield tag="505" ind1=" " ind2=" ">
    <subfield code="t">Contratos de locaci&#xF3;n de inmuebles frente a la inflaci&#xF3;n /</subfield>
    <subfield code="r">Nicol&#xE1;s J. Negri.</subfield>
  </datafield>
  <datafield tag="505" ind1=" " ind2=" ">
    <subfield code="t">Inflaci&#xF3;n y seguros. necesidad de la indizaci&#xF3;n de la suma asegurada /</subfield>
    <subfield code="r">Mar&#xED;a Fabiana Compiani.</subfield>
  </datafield>
  <datafield tag="505" ind1=" " ind2=" ">
    <subfield code="t">Aportes de capital e inflaci&#xF3;n /</subfield>
    <subfield code="r">Lorena R. Schneider.</subfield>
  </datafield>
  <datafield tag="505" ind1=" " ind2=" ">
    <subfield code="t">Distorsiones del r&#xE9;gimen de la lcq en contexto inflacionario - el problema del art&#xED;culo 127 de la lcq ante la inflaci&#xF3;n /</subfield>
    <subfield code="r"> Iv&#xE1;n G. Di Chiazza y Mart&#xED;n E. Ferreyra.</subfield>
  </datafield>
  <datafield tag="505" ind1=" " ind2=" ">
    <subfield code="t">Honorarios e inflaci&#xF3;n /</subfield>
    <subfield code="r">Carlos E. Ribera.</subfield>
  </datafield>
  <datafield tag="505" ind1=" " ind2=" ">
    <subfield code="t">La inflaci&#xF3;n en los concursos y quiebras /</subfield>
    <subfield code="r"> Diego J. Tula.</subfield>
  </datafield>
  <datafield tag="505" ind1=" " ind2=" ">
    <subfield code="t">Las prestaciones de la lrt y la inflaci&#xF3;n conceptos y m&#xE9;todos de c&#xE1;lculo /</subfield>
    <subfield code="r">Emilio E. Romuald.</subfield>
  </datafield>
  <datafield tag="505" ind1=" " ind2=" ">
    <subfield code="t">Cuota alimentaria en per&#xED;odos de depreciaci&#xF3;n monetaria e inflacionarios - inflaci&#xF3;n: problemas y respuestas /</subfield>
    <subfield code="r">Marcela Hee Eijo .
</subfield>
  </datafield>
  <datafield tag="505" ind1=" " ind2=" ">
    <subfield code="t">Deuda de valor en pagar&#xE9;s: una estrategia ante la incertidumbre inflacionaria /</subfield>
    <subfield code="r">Jos&#xE9; Ignacio Pastore.</subfield>
  </datafield>
  <datafield tag="505" ind1=" " ind2=" ">
    <subfield code="t">Inflaci&#xF3;n, prohibici&#xF3;n de indexaci&#xF3;n y redeterminaci&#xF3;n de precios - algunas consideraciones preliminares a prop&#xF3;sito del decreto 490/2023 /</subfield>
    <subfield code="r"> Ana Patricia Guglielminetti.</subfield>
  </datafield>
  <datafield tag="505" ind1=" " ind2=" ">
    <subfield code="t">Parte general /</subfield>
    <subfield code="r">Julio C&#xE9;sar Rivera Colaborador: Diego M. Fissore.</subfield>
  </datafield>
  <datafield tag="505" ind1=" " ind2=" ">
    <subfield code="t">Obligaciones /</subfield>
    <subfield code="r">Alberto J. Bueres Colaborador: Carlos Reyna.</subfield>
  </datafield>
  <datafield tag="505" ind1=" " ind2=" ">
    <subfield code="t">Contratos /</subfield>
    <subfield code="r">Ricardo Luis Lorenzetti y Gonzalo Sozzo Colaborador: Mariano L. Churruarin</subfield>
  </datafield>
  <datafield tag="505" ind1=" " ind2=" ">
    <subfield code="t">Derechos reales /</subfield>
    <subfield code="r">Leopoldo L. Peralta Mariscal Colaboradora: Mariana Rey.</subfield>
  </datafield>
  <datafield tag="505" ind1=" " ind2=" ">
    <subfield code="t">Familias /</subfield>
    <subfield code="r">A&#xED;da Kemelmajer Colaboradora: Mar&#xED;a Ang&#xE9;lica Correa.</subfield>
  </datafield>
  <datafield tag="505" ind1=" " ind2=" ">
    <subfield code="t">Sucesiones /</subfield>
    <subfield code="r">Graciela Medina Colaboradora: Andrea In&#xE9;s Podest&#xE1;.</subfield>
  </datafield>
  <datafield tag="505" ind1=" " ind2=" ">
    <subfield code="t">Concursos /</subfield>
    <subfield code="r">Jos&#xE9; A. Di Tullio Colaborador: Eduardo N&#xE9;stor Chiavassa.</subfield>
  </datafield>
  <datafield tag="505" ind1=" " ind2=" ">
    <subfield code="t">Seguros /</subfield>
    <subfield code="r">Horacio Roitman Colaborador: Jos&#xE9; A. Di Tullio.</subfield>
  </datafield>
  <datafield tag="505" ind1=" " ind2=" ">
    <subfield code="t">Sociedades /</subfield>
    <subfield code="r">H&#xE9;ctor Alegria Colaborador: Nicol&#xE1;s J. Di Lella.</subfield>
  </datafield>
  <datafield tag="505" ind1=" " ind2=" ">
    <subfield code="t">Derecho cambiario /</subfield>
    <subfield code="r">Iv&#xE1;n G. Di Chiazza Colaborador: Jos&#xE9; Ignacio Pastore.</subfield>
  </datafield>
  <datafield tag="505" ind1=" " ind2=" ">
    <subfield code="t">Derechos humanos /</subfield>
    <subfield code="r">Graciela Medina Colaboradora: Gabriela Yuba.</subfield>
  </datafield>
  <datafield tag="650" ind1=" " ind2="0">
    <subfield code="9">292</subfield>
    <subfield code="a">ECONOMIA Y FINANZAS</subfield>
  </datafield>
  <datafield tag="650" ind1=" " ind2="0">
    <subfield code="9">4601</subfield>
    <subfield code="a">INFLACI&#xD3;N</subfield>
  </datafield>
  <datafield tag="700" ind1=" " ind2=" ">
    <subfield code="9">1076</subfield>
    <subfield code="a">Alegria, H&#xE9;ctor</subfield>
    <subfield code="e">director</subfield>
  </datafield>
  <datafield tag="700" ind1=" " ind2=" ">
    <subfield code="9">528</subfield>
    <subfield code="a">Mosset Iturraspe, Jorge </subfield>
    <subfield code="e">director</subfield>
  </datafield>
  <datafield tag="942" ind1=" " ind2=" ">
    <subfield code="2">udc</subfield>
    <subfield code="c">PP</subfield>
    <subfield code="h">347.1(05)</subfield>
    <subfield code="i">REV</subfield>
  </datafield>
  <datafield tag="952" ind1=" " ind2=" ">
    <subfield code="0">0</subfield>
    <subfield code="1">0</subfield>
    <subfield code="2">udc</subfield>
    <subfield code="4">0</subfield>
    <subfield code="7">0</subfield>
    <subfield code="a">DJS</subfield>
    <subfield code="b">DJS</subfield>
    <subfield code="d">2026-02-27</subfield>
    <subfield code="p">6749</subfield>
    <subfield code="r">2026-02-27</subfield>
    <subfield code="w">2026-02-27</subfield>
    <subfield code="y">PP</subfield>
  </datafield>
</record>
